000 00385nam a2200169Ia 4500
008 230524s9999 xx 000 0 und d
020 _a978812593197
082 _a331
_bKUC
100 _aM.C.Kuchhal
245 0 _aBusiness Law
250 _a4TH
260 _aNEW DELHI
_bVikas
_c2008
300 _aXXV;408
500 _aQuantity Number: 15
650 _aManagement
942 _cBK
999 _c42812
_d42812